[Event "Montreal op"]
[Site "Montreal"]
[Date "1988.09.03"]
[Round "1"]
[White "Charest, Johanne"]
[Black "Debbagh, Issam"]
[Result "0-1"]
[WhiteElo "1355"]
[BlackElo "1501"]
[PlyCount "99"]
[EventDate "1988.09.03"]
[EventType "swiss"]
[EventRounds "6"]
[EventCountry "CAN"]
[SourceTitle "EXT 2022"]
[Source "ChessBase"]
[SourceDate "2021.10.06"]
[SourceVersion "1"]
[SourceVersionDate "2021.10.06"]
[SourceQuality "1"]

1. e4 c6 2. d4 d5 3. e5 Bf5 4. Bd3 Bxd3 5. Qxd3 e6 6. Nf3 Nd7 7. Nbd2 c5 8. c3 Ne7 9. 0-0 Ng6 10. Re1 Be7 11. Nf1 Rc8 12. Ng3 cxd4 13. Nxd4 Ngxe5 14. Qd1 0-0 15. Nh5 Ng6 16. Qg4 Nf6 17. Nxf6+ Bxf6 18. Bd2 Qb6 19. Nb3 Ne5 20. Qg3 Nc4 21. Be3 Nxe3 22. Rxe3 Rfd8 23. Rf3 Qd6 24. Qg4 Rc4 25. Nd4 e5 26. b3 Rc5 27. Nc2 e4 28. Rh3 Rxc3 29. Rxc3 Bxc3 30. Ne3 Bxa1 31. Qg3 Qf6 32. Qg4 g6 33. Qd1 Qd4 34. Qg4 Qc3 35. g3 Qe1+ 36. Kg2 Bd4 37. Qg5 f6 38. Qg4 Bxe3 39. Qe6+ Kg7 40. fxe3 Qa5 41. Qe7+ Kh6 42. Qxf6 Qc7 43. g4 Qd6 44. g5+ Kh5 45. Qg7 Kxg5 46. h4+ Kg4 47. Qh6 Qg3+ 48. Kf1 Qf3+ 49. Ke1 Qh1+ 50. Kf2 0-1